[Event "Asian Zonal 3.3 Women 2019"]
[Site "Ulaanbaatar"]
[Date "2019.04.14"]
[Round "8.6"]
[White "Altantuya, Boldbaatar"]
[Black "Yanjinlkham, Bayarsaikhan"]
[Result "1-0"]
[WhiteElo "2223"]
[BlackElo "1951"]
[Annotator "TA"]
[PlyCount "99"]
[EventDate "2019.04.07"]
[EventType "swiss"]
[EventRounds "9"]
[EventCountry "MGL"]
[SourceTitle "playchess.com"]
[Source "ChessBase"]
[SourceQuality "1"]

{[%evp 26,98,0,-2,91,59,59,57,101,81,91,106,105,49,35,45,58,30,18,14,70,0,179,104,102,100,107,51,99,99,97,87,91,50,88,85,88,85,114,22,137,127,139,141,288,286,275,282,277,274,275,257,244,18,250,221,223,132,132,127,125,127,119,87,177,169,157,64,163,128,261,261,254,264,29999]} 1. d4 d5 2. c4 c6 3. Nc3 Nf6 4. e3 e6 5. Nf3 Nbd7 6. Bd3 dxc4 7. Bxc4 b5 8. Bd3 a6 9. e4 c5 10. d5 Qc7 11. dxe6 fxe6 12. O-O Bb7 13. Qe2 c4 14. Bc2 e5 {D48: Semi-Slav: Meran System: 7...b5 8 Bd3 a6} (14... Bd6 $11) (14... Bd6 15. Nd4 Nc5 16. f4 e5 17. Ndxb5 axb5 18. Nxb5 Qb6 19. Nxd6+ Qxd6 20. fxe5 Qxe5 21. Rf5 Qe7 22. Qxc4 Ncd7 23. Bd2 {½-½ (44) Onischuk,A (2664)-Karjakin,S (2732) Foros 2008}) 15. Ng5 Qc6 {[#]} 16. Nd5 $1 {[%mdl 512]} h6 {[#]White is slightly better.} (16... Nxd5 $6 17. exd5 Qf6 18. Nxh7 $16) 17. Ne6 $1 {[%mdl 512] Black must now prevent Nec7+.} Kf7 $146 (17... Qxe6 18. Nc7+) ({Predecessor:} 17... Rc8 18. Nxf8 Rxf8 19. Rd1 Qe6 20. a4 Kf7 21. axb5 axb5 22. Ra7 {0-1 (39) Perez de Miguel,A (2123)-Perez Fernandez,M (2109) Zornotza 2008}) 18. Nxf8 Rhxf8 19. Nxf6 (19. Rd1 $16) 19... Nxf6 $14 20. f3 a5 21. b3 c3 {[#]} 22. b4 $1 {[%mdl 512]} Rfb8 (22... axb4 $11 23. Be3 Bc8) 23. Bb3+ ({White should play} 23. Qf2 $14) 23... Kf8 $2 (23... Kg6 $1 $11) 24. Qf2 (24. Be3 $1 $18) 24... a4 $16 25. Bc2 Kg8 26. Qg3 (26. Be3 $16) 26... Nd7 27. Be3 Re8 28. Rad1 Nb6 29. Bc5 Nc4 30. Rd3 $40 {[%mdl 128] Black is in trouble.} Rad8 31. Rxc3 Rd2 32. a3 (32. Rd1 $16) 32... Re6 (32... Nxa3 $11 {keeps the balance.} 33. Bxa4 (33. Rxa3 Rxc2 34. Rd3 Qf6 $11) 33... bxa4 34. Rxa3 Ba6) 33. Qe1 {Hoping for Rxc4!} Qd7 {intending ...Nxa3.} 34. Rf2 Rd4 (34... Rxf2 $16 {is a better defense.} 35. Kxf2 (35. Qxf2 Qd2 $16) 35... Ba6) 35. Bxd4 $18 exd4 36. Rd3 Nb2 37. Rdd2 Nc4 38. Rd1 Nxa3 39. Bb1 $2 (39. Qd2 $18) 39... Nc4 $2 (39... Nxb1 $11 {and Black is okay.} 40. Rd3 (40. Rxb1 Bd5 $14) 40... Na3 $1 {[%mdl 512]} 41. Rxa3 Bd5) 40. Ba2 Kh8 41. Rfd2 ({Better is} 41. Bxc4 $18 bxc4 42. b5 $1 {[%mdl 512]}) 41... Nxd2 $16 42. Bxe6 Nxf3+ 43. gxf3 Qxe6 44. Rxd4 {[%mdl 4096] Endgame KQR-KQB} Qb6 (44... Bc8 $16) 45. Qe3 $18 Bc8 46. Kh1 (46. Kf2 $16) 46... Bh3 {[#]} ({Black should try} 46... Be6 $14) 47. Qd3 $1 {Threatens to win with Rd8+.} Bf1 (47... Qc7 $16) 48. Rd8+ Kh7 {( -> ...Qf2)} 49. Qd5 ({Avoid the trap} 49. Qxf1 $2 Qxd8 50. Qb1 Qd4 $19) 49... Qg6 $2 (49... Bh3 $18 50. e5 (50. Qg8+ Kg6 $14) 50... Qc7) 50. Qg8# {Accuracy: White = 50%, Black = 30%.} 1-0

[Event "Asian Zonal 3.3 Women 2019"]
[Site "Ulaanbaatar"]
[Date "2019.04.14"]
[Round "8.6"]
[White "Nomindalai Tumurbaatar"]
[Black "Pham, Le Thao Nguyen"]
[Result "*"]
[WhiteElo "1958"]
[BlackElo "2383"]
[Annotator "NA"]
[PlyCount "47"]
[EventDate "2019.04.07"]
[EventType "swiss"]
[EventRounds "9"]
[EventCountry "MGL"]
[SourceTitle "playchess.com"]
[Source "ChessBase"]
[SourceQuality "1"]
[TimeControl "40/5400+30:1800+30"]

{[%evp 8,46,8,31,13,17,24,0,0,-8,0,-27,-10,-8,-6,-32,-16,32767,32767,32767,32767,-21,0,0,0,32767,32767,32767,32767,-22,32767,32767,32767,32767,32767,32767,32767,-12,0,32767,0]} 1. e4 {[%emt 0:00:00]} c6 {[%emt 0:00:00]} 2. d4 {[%emt 0:00:00]} d5 {[%emt 0:00:17]} 3. exd5 {[%emt 1:31:30]} cxd5 {[%emt 0:00:34]} 4. c4 {[%emt 0:00:21]} Nf6 {[%emt 1:31:09]} 5. Nc3 {[%emt 0:00:45]} Nc6 {[%emt 0:00:56]} 6. Nf3 {[%emt 0:01:48]} Be6 {[%emt 0:01:08]} 7. cxd5 {[%emt 1:30:23] LiveBook: 20 Games B13: Caro-Kann: Exchange Variation and Panov-Botvinnik Attack} (7. c5 a6 8. h3 Bf5 9. Bd3 g6 10. O-O Bg7 11. Re1 O-O 12. a3 e6 13. Bf4 Bxd3 14. Qxd3 Nd7 {½-½ (51) Zhang,Z (2619)-Kovalenko,I (2700) Berlin 2015}) 7... Bxd5 {[%emt 0:01:53]} 8. Be3 {[%emt 0:05:14]} e6 {[%emt 0:01:59]} 9. Be2 {[%emt 0:02:08]} Bd6 {[%emt 0:03:10]} 10. O-O {[%emt 0:04:18]} O-O $146 {[%emt 0:00:51]} ({Predecessor:} 10... Bc7 11. Rc1 a6 12. Bg5 Qd6 13. g3 Rd8 14. Bf4 Qe7 15. Bxc7 Qxc7 16. Nxd5 Nxd5 {1-0 (37) Hoffmann,H (2279)-Fraas,H (2165) Dresden 2001}) 11. h3 {[%emt 0:03:07]} Rc8 {[%emt 0:02:41]} 12. Rc1 {[%emt 0:05:31]} Bb8 {[%emt 0:05:03]} 13. Nxd5 {[%emt 0:06:30]} Nxd5 {[%emt 0:02:58]} 14. Bd3 {[%emt 0:07:38]} h6 {[%emt 0:09:22]} 15. Bb1 {[%emt 0:02:07]} Qd6 {[%emt 1:06:14]} 16. Qd3 {[%emt 0:06:58]} Nf6 {[%emt 1:03:58]} 17. Qd2 {[%emt 0:02:52]} Rcd8 {[%emt 0:04:38]} 18. g3 {[%emt 0:18:04]} Qd5 {[%emt 0:05:45]} 19. Qe2 {[%emt 0:02:45]} Bd6 {[%emt 0:08:16]} 20. a3 {[%emt 0:04:35]} Rfe8 {[%emt 0:03:35]} 21. b4 {[%emt 0:01:44]} a6 {[%emt 0:00:55]} 22. Ba2 {[%emt 0:01:57]} Qh5 {[%emt 0:02:50]} 23. Kg2 {[%emt 0:00:26]} Nd5 $11 {[%emt 0:00:54]} 24. Bc4 {[%emt 0:07:16]} *

[Event "Asian Zonal 3.3 Women 2019"]
[Site "Ulaanbaatar"]
[Date "2019.04.14"]
[Round "8.6"]
[White "Ulziikhishigjargal, Ochirkhuyag"]
[Black "Hoang, Thi Bao Tram"]
[Result "0-1"]
[WhiteElo "1843"]
[BlackElo "2298"]
[Annotator "ChessBase"]
[PlyCount "102"]
[EventDate "2019.04.07"]
[EventType "swiss"]
[EventRounds "9"]
[EventCountry "MGL"]
[SourceTitle "playchess.com"]
[Source "ChessBase"]
[SourceQuality "1"]
[TimeControl "40/5400+30:1800+30"]

1. e4 {[%emt 0:00:00]} c6 {[%emt 0:00:00]} 2. d4 {[%emt 0:00:00]} d5 {[%emt 0:00:17]} 3. exd5 {[%emt 0:00:13]} cxd5 {[%emt 0:00:34]} 4. c4 {[%emt 0:00:21]} Nf6 {[%emt 0:00:24]} 5. Nc3 {[%emt 0:00:45]} Nc6 {[%emt 0:00:56]} 6. Nf3 {[%emt 0:01:48]} Be6 {[%emt 0:01:08]} 7. cxd5 {[%emt 0:02:46]} Bxd5 {[%emt 0:01:53]} 8. Be3 {[%emt 0:05:14]} e6 {[%emt 0:01:59]} 9. Be2 {[%emt 0:02:08]} Bd6 {[%emt 0:03:10]} 10. O-O {[%emt 0:04:18]} O-O {[%emt 0:00:51]} 11. h3 {[%emt 0:03:07]} Rc8 {[%emt 0:02:41]} 12. Rc1 {[%emt 0:05:31]} Bb8 {[%emt 0:05:03]} 13. Nxd5 {[%emt 0:06:30]} Nxd5 {[%emt 0:02:58]} 14. Bd3 {[%emt 0:07:38]} h6 {[%emt 0:09:22]} 15. Bb1 {[%emt 0:02:07]} Qd6 {[%emt 0:02:46]} 16. Qd3 {[%emt 0:06:58]} Nf6 {[%emt 0:01:44]} 17. Qd2 {[%emt 0:02:52]} Rcd8 {[%emt 0:04:38]} 18. g3 {[%emt 0:18:04]} Qd5 {[%emt 0:05:45]} 19. Qe2 {[%emt 0:02:45]} Bd6 {[%emt 0:08:16]} 20. a3 {[%emt 0:04:35]} Rfe8 {[%emt 0:03:35]} 21. b4 {[%emt 0:01:44]} a6 {[%emt 0:00:55]} 22. Ba2 {[%emt 0:01:57]} Qh5 {[%emt 0:02:50]} 23. Kg2 {[%emt 0:00:26]} Nd5 {[%emt 0:00:54]} 24. Bc4 {[%emt 0:07:16]} Nce7 {[%emt 0:06:49]} 25. Bd2 {[%emt 0:03:07]} Nf6 {[%emt 0:10:13]} 26. Rh1 {[%emt 0:02:27]} Qf5 {[%emt 0:05:06]} 27. Rhe1 {[%emt 0:06:15]} Nfd5 {[%emt 0:04:04]} 28. Ne5 {[%emt 0:00:58]} Bxe5 {[%emt 0:00:48]} 29. dxe5 {[%emt 0:00:05]} Nb6 {[%emt 0:00:11]} 30. Ba2 {[%emt 0:00:59]} Qd3 {[%emt 0:00:39]} 31. Be3 {[%emt 0:00:25]} Na4 {[%emt 0:02:08]} 32. Qf3 {[%emt 0:01:39]} Qxa3 {[%emt 0:04:56]} 33. Bb1 {[%emt 0:00:11]} Rd5 {[%emt 0:03:08]} 34. Be4 {[%emt 0:01:06]} Rxe5 {[%emt 0:01:15]} 35. Bf4 {[%emt 0:00:43]} Qxf3+ {[%emt 0:00:26]} 36. Kxf3 {[%emt 0:00:01]} Rb5 {[%emt 0:00:31]} 37. Bd2 {[%emt 0:00:56]} Rd8 {[%emt 0:00:54]} 38. Ke2 {[%emt 0:00:25]} Re5 {[%emt 0:03:45]} 39. f3 {[%emt 0:00:05]} g5 {[%emt 0:00:31]} 40. Be3 {[%emt 0:00:00]} f5 {[%emt 0:00:00]} 41. Rc7 {[%emt 0:02:53]} Kf7 {[%emt 0:03:14]} 42. Ra1 {[%emt 0:16:26]} b5 {[%emt 0:03:29]} 43. Bf4 {[%emt 0:00:22]} gxf4 {[%emt 0:01:07]} 44. gxf4 {[%emt 0:00:45]} Rxe4+ {[%emt 0:01:31]} 45. fxe4 {[%emt 0:00:04]} fxe4 {[%emt 0:00:10]} 46. Ke3 {[%emt 0:01:18]} Nc3 {[%emt 0:02:43]} 47. Rxc3 {[%emt 0:02:22]} Nd5+ {[%emt 0:00:18]} 48. Kd4 {[%emt 0:00:00]} Nxc3+ {[%emt 0:00:11]} 49. Kxc3 {[%emt 0:11:55]} Kf6 {[%emt 0:01:27]} 50. Rxa6 {[%emt 0:00:17]} Kf5 {[%emt 0:00:10]} 51. Kc2 {[%emt 0:05:40]} e3 {[%emt 0:00:16]} 0-1

[Event "Asian Zonal 3.3 Women 2019"]
[Site "Ulaanbaatar"]
[Date "2019.04.14"]
[Round "8.7"]
[White "Sukandar, Irine Kharisma"]
[Black "Frayna, Janelle Mae"]
[Result "1-0"]
[WhiteElo "2384"]
[BlackElo "2163"]
[Annotator "TA"]
[PlyCount "76"]
[EventDate "2019.04.07"]
[EventType "swiss"]
[EventRounds "9"]
[EventCountry "MGL"]
[SourceTitle "playchess.com"]
[Source "ChessBase"]
[SourceQuality "1"]

{[%evp 15,76,20,39,2,7,7,41,22,61,47,63,28,40,10,10,0,0,-16,0,-53,-53,-60,-63,-58,-37,-43,-45,-61,-76,-64,-6,-20,0,-73,0,-54,-59,-64,-51,-96,-69,-52,-64,-53,-30,-43,0,-92,-83,-86,-85,-110,-98,-262,136,137,137,137,137,137,130,0,408]} 1. e4 g6 2. d4 Bg7 3. Nc3 c6 4. h3 d6 5. Be3 Nf6 6. Qd2 Qa5 7. Bd3 Nbd7 8. Nf3 O-O 9. Bh6 {B08: Pirc Defence: Classical System} (9. O-O Qc7 10. a4 a5 11. d5 Nb6 12. Be2 e6 13. dxe6 Bxe6 14. Nd4 Bc4 15. Bh6 Bxh6 16. Qxh6 Bxe2 17. Ndxe2 {1-0 (26) Van Foreest,J (2551)-Bachmann,A (2621) Stockholm 2016}) 9... e5 10. O-O Qc7 11. a4 {White is slightly better.} Re8 $146 ({Predecessor:} 11... exd4 12. Nxd4 Nc5 13. Bxg7 Kxg7 14. f4 Bd7 15. b4 Nxd3 16. cxd3 {1-0 (53) Neukirch,D (2310)-Fleuch,H (2145) Gemuend 1999}) 12. Rfe1 b6 13. Rad1 a6 14. dxe5 dxe5 15. Bf1 b5 16. b4 Bb7 17. axb5 (17. Bxg7 $11 Kxg7 18. g4) 17... cxb5 $15 {Hoping for ...Bxh6.} 18. Bxg7 Kxg7 19. Nd5 Bxd5 20. exd5 Qd6 21. Re3 Nb6 22. Rde1 Nfd7 (22... e4 $15 23. Qd4 Qxd5 24. Qxb6 exf3) 23. Ng5 $11 Nf6 (23... f5 $11) 24. Nf3 $17 {[%cal Re3e5]} Nfd7 (24... Nfxd5 25. Rxe5 Rxe5 26. Rxe5 $11) (24... e4 $17 25. Qd4 Qxd5 26. Qxb6 exf3) 25. h4 ({White should play} 25. Ng5 $11) 25... h5 $15 26. Ng5 Nf6 $1 ({Much worse is} 26... Qxd5 $6 27. Rd3 $11) 27. Rf3 Qxd5 28. Rd3 Qb7 29. Rd6 Nc8 30. Rd8 Nb6 31. Rxa8 (31. Rd6 $11 {remains equal.}) 31... Qxa8 $17 32. Qd6 Qd8 33. Qc6 Qb8 {White must now prevent ...Nfd5.} 34. Bd3 $2 {[#]} (34. Ra1 $17) 34... Nfd5 $2 {[#]} (34... Rc8 $1 $19 {[%cal Rc8c6]} 35. Qf3 Nbd5) 35. Nxf7 $1 $16 {[%mdl 512]} e4 (35... Kxf7 36. Bxg6+) 36. Rxe4 ({Don't play} 36. Bxe4 $6 Ne7 $16) 36... Rxe4 37. Bxe4 Kxf7 38. Qxg6+ (38. Bxd5+ $16 Nxd5 39. Qxd5+ Ke7 40. Qe4+ Kf7 41. Kf1) 38... Kf8 $2 {[%mdl 8192] Accuracy: White = 32%, Black = 42%.} (38... Ke7 $11 {and Black is okay.}) 1-0

[Event "Asian Zonal 3.3 Women 2019"]
[Site "Ulaanbaatar"]
[Date "2019.04.14"]
[Round "8.8"]
[White "Pham, Bich Ngoc"]
[Black "Mendoza, Shania Mae"]
[Result "0-1"]
[WhiteElo "2160"]
[BlackElo "2156"]
[Annotator "TA"]
[PlyCount "78"]
[EventDate "2019.04.07"]
[EventType "swiss"]
[EventRounds "9"]
[EventCountry "MGL"]
[SourceTitle "playchess.com"]
[Source "ChessBase"]
[SourceQuality "1"]

{[%evp 18,78,-21,-12,-8,-43,-39,-207,-203,-200,-204,-203,-200,-241,-240,-257,-192,-324,-258,-255,-177,-231,-211,-290,-275,-293,-269,-285,-241,-257,-197,-192,-176,-180,-191,-283,-273,-403,-386,-445,-437,-541,-427,-562,-391,-572,-409,-407,-393,-406,-395,-383,-385,-538,-528,-734,-727,-632,-406,-1550,-1348,-29991,-841]} 1. f4 d5 2. g3 g6 3. Nf3 Bg7 4. Bg2 Nf6 5. O-O O-O 6. d3 c5 7. c3 Nc6 8. Qc2 d4 9. Na3 {A03: Bird's Opening with 1...d5} (9. e4 dxe3 10. Bxe3 Qd6 11. Na3 Ng4 12. Rfe1 Bf5 13. Rad1 Nxe3 14. Rxe3 Rfd8 15. Qe2 Qd7 16. Ng5 Bg4 17. Bf3 Bxf3 18. Nxf3 {0-1 (49) Alvarado Diaz,A (2388)-Braun,A (2598) chess.com INT 2019}) 9... Nd5 10. Bd2 {LiveBook: 4 Games} Bg4 11. h3 {The position is equal.} (11. Rae1 {seems wilder.} Rc8 12. Qb3 Na5 13. Qc2 a6 14. c4) 11... Bxf3 12. Rxf3 $146 (12. Bxf3 $15 Qd7 13. Qb3) ({Predecessor:} 12. Bxf3 Qd7 13. Qb3 Rad8 14. Qxd5 Qxd5 15. Bxd5 Rxd5 16. c4 Rd7 17. Nc2 f5 18. Rab1 e5 19. b4 cxb4 20. Nxb4 Nxb4 21. Rxb4 Re8 22. Rfb1 b6 {½-½ (22) Bohn,T (2360)-Schulz,K (2380) Germany 2003}) 12... dxc3 $19 13. bxc3 {[#]} Nd4 $1 {[%cal Rd4c2][%mdl 512]} 14. cxd4 Bxd4+ {[%mdl 64] Double Attack} 15. e3 Bxa1 16. Qxc5 {intending Rf1.} Bg7 17. f5 (17. Rf2 $142 e6 18. Nc4) 17... Nf6 18. Qb5 Qd7 19. Rf1 (19. Qxd7 $142 Nxd7 20. Rf1) 19... Qd6 20. Nc2 a6 ({Don't do} 20... Qxg3 21. Nd4 $19) 21. Qb3 Qxg3 22. Qxb7 Rfe8 23. Nb4 Rac8 {[%cal Ba8c8,Bc8c5,Bc5g5,Bg5g4][%mdl 32]} 24. Qxa6 Rc5 25. fxg6 hxg6 26. d4 (26. Rf3 {was called for.} Qb8 27. d4) 26... Rg5 {[%csl Gg5][%cal Rg3g2] [#]} 27. Qe2 (27. Qc6 $142) 27... Ne4 28. Be1 Qxh3 $1 29. Rf3 Qh5 30. Qf1 Rg4 31. a4 (31. Rf4 $142 Ng5 32. Rxg4 Qxg4 33. Qb5) 31... Bf6 32. Nd3 Ng5 33. Rg3 Rxg3 34. Bxg3 Qg4 35. Kh2 Kg7 {Threatens to win with ...Rh8+.} 36. Bc6 Rh8+ 37. Kg2 Rc8 38. Bb7 (38. Nf2 $142 Qe6 {[%mdl 64] Double Attack} 39. d5 Qxe3 40. Qd3) 38... Rc2+ 39. Nf2 Qh3+ {Accuracy: White = 20%, Black = 56%.} 0-1

[Event "Asian Zonal 3.3 Women 2019"]
[Site "Ulaanbaatar"]
[Date "2019.04.14"]
[Round "8.9"]
[White "Mungunzul, Bat-Erdene"]
[Black "Nguyen, Thi Mai Hung"]
[Result "1/2-1/2"]
[WhiteElo "1906"]
[BlackElo "2281"]
[Annotator "TA"]
[PlyCount "165"]
[EventDate "2019.04.07"]
[EventType "swiss"]
[EventRounds "9"]
[EventCountry "MGL"]
[SourceTitle "playchess.com"]
[Source "ChessBase"]
[SourceQuality "1"]

{[%evp 16,165,0,0,0,0,-7,-2,0,-36,-41,-47,-31,-49,-18,-50,0,0,0,0,0,0,0,0,30,25,23,28,11,-7,0,0,0,-33,-33,-33,-33,-33,-33,-37,119,116,115,126,137,115,118,123,184,166,178,165,149,76,82,71,277,15,23,0,13,-51,-44,-15,-31,-181,-35,-79,-64,-68,-46,-51,0,0,0,0,0,0,0,0,0,0,0,0,0,0,0,0,75,81,89,0,201,202,1252,1245,1393,1400,1119,1288,1411,1295,1287,1252,1268,1252,1241,0,1184,0,1162,0,1102,234,211,18,18,18,1177,1151,1095,36,154,0,1081,1024,880,816,541,17,17,17,17,17,17,17,17,17,17,17,17,7,7,7,7,7,7,7,7,7,7,0]} 1. d4 Nf6 2. c4 e6 3. Nf3 d5 4. Nc3 c6 5. Bg5 h6 6. Bxf6 Qxf6 7. e4 dxe4 8. Nxe4 Bb4+ 9. Ned2 O-O {D43: Semi-Slav: 5 Bg5 h6} (9... Nd7 10. a3 Ba5 11. Bd3 O-O 12. Qe2 Bxd2+ 13. Qxd2 e5 {½-½ (13) Meins,G (2490)-Van Delft,M (2413) Germany 2011}) 10. a3 Ba5 11. b4 Bc7 12. Ne4 Qe7 $146 ({Predecessor:} 12... Qg6 13. Ng3 Nd7 14. Bd3 f5 15. Qc2 Qf7 16. O-O b6 17. d5 exd5 18. cxd5 Bxg3 19. dxc6 Bxh2+ 20. Nxh2 {1-0 (28) Radziejewski,T (1863)-Kubiak,L Poland 2011}) 13. Bd3 f5 14. Ned2 e5 15. dxe5 Nd7 16. O-O Nxe5 17. Re1 Qf6 18. Bf1 Rd8 {Threatens to win with ...Nxf3+.} 19. Qc2 c5 20. Rad1 Bd7 21. Nxe5 Bxe5 22. b5 Be8 23. Nf3 Bc7 24. Qe2 Bh5 25. Rxd8+ Rxd8 26. Qe7 Qd6 27. Re6 Qf4 $2 (27... Qd7 $15 {keeps the upper hand.}) 28. g3 $36 {[%mdl 2048] White has strong initiative.} Qxf3 29. Re3 $1 {[%cal Re3f3]} Qg4 {...Ba5 is the strong threat.} 30. Qxc7 Rd1 31. Kg2 $1 Qd4 (31... f4 $16 32. Qb8+ (32. Qxf4 Qxf4 33. gxf4 Ra1 $14) 32... Kh7 33. Qxf4 Qxf4 34. gxf4 Bg4) 32. Qc8+ $18 ({And not} 32. Qxb7 Qa1 $11) 32... Kh7 {aiming for ...Qa1.} 33. Qxf5+ Bg6 34. Qe5 (34. Qf3 $142 $1) 34... Ra1 35. Be2 b6 $2 (35... Qxe5 $16 {was necessary.} 36. Rxe5 b6) 36. Qxd4 $2 (36. Qe6 $1 $18) 36... cxd4 {[%mdl 4096] Endgame KRB-KRB} 37. Rb3 Rc1 38. Bd3 (38. Kf3 $11) 38... Rc3 $1 $15 {[%cal Rc3b3]} 39. Bxg6+ Kxg6 {KR-KR} 40. Rb2 (40. Rb1 $15) 40... Rxc4 ({Better is} 40... Kf5 $1 $19 41. Re2 d3) 41. Kf3 Kf5 42. g4+ Ke5 {Strongly threatening ...Rc3+.} 43. Re2+ Kd5 (43... Kd6 $15) 44. Re7 $11 Rc3+ 45. Ke2 Rc2+ 46. Kf3 Rc3+ 47. Ke2 g5 48. Rxa7 Kc4 49. a4 Rc2+ 50. Kf3 d3 {White should prevent ...Kc3.} 51. Rb7 Ra2 (51... Re2 $11) 52. Rxb6 $16 Rxa4 53. Rd6 ({White should play} 53. Ke3 $16) 53... Kxb5 $2 (53... Ra8 $11 {and Black stays safe.}) 54. Rxd3 $18 Rf4+ $2 (54... Kc6 55. Kg3 Kc5) 55. Kg3 $1 Rf6 56. Rf3 Re6 57. h4 Kc6 58. hxg5 hxg5 59. Rd3 Re4 60. Rd1 Re5 61. Rd3 Re4 $1 62. Rf3 Re6 $1 63. Rd3 Re4 $1 64. f3 $2 (64. Ra3 {And now Ra5 would win.} Re5 65. f4) 64... Re1 65. Rd8 $2 (65. Kf2 $1 $18 {[%cal Rf2e1]} Rb1 66. f4) 65... Re5 $11 66. Kf2 Kc7 $2 {[%mdl 8192]} (66... Rd5 $11 67. Rxd5 Kxd5) 67. Rd4 $18 Kc6 68. Kg3 $2 (68. f4 $1 $18 {[%cal Rf4e5]} gxf4 69. Kf3 (69. Rxf4 Kd6 $16)) 68... Kc5 {[#]} (68... Re3 $14) 69. Re4 $2 (69. Rd3 $1 $16) 69... Rd5 $2 {[%mdl 8192]} (69... Rxe4 $11 70. fxe4 Kd6) 70. Re8 Kc6 71. Rf8 Kd7 {[#]} 72. Kf2 $2 (72. Rf5 $1 $18 {[%cal Rf5d5]} Rxf5 73. gxf5) 72... Ke7 $11 {The position is equal.} 73. Rc8 (73. Rh8 {looks sharper.} Kf6 74. Rh6+ Ke7 75. Ke3 Ra5 76. Ke4) 73... Re5 74. Kg3 Ra5 75. Rc3 Ra4 76. Kf2 Kf6 77. Ke3 Ra6 78. f4 gxf4+ 79. Kxf4 Kg6 80. Rc4 Rb6 81. Rc8 Rb4+ 82. Kg3 Rb1 83. Kh4 {Accuracy: White = 36%, Black = 42%.} 1/2-1/2

[Event "Asian Zonal 3.3 Women 2019"]
[Site "Ulaanbaatar"]
[Date "2019.04.14"]
[Round "8.10"]
[White "Enkhsaran, Batsaikhan"]
[Black "Le, Thanh Tu"]
[Result "0-1"]
[WhiteElo "1792"]
[BlackElo "2220"]
[Annotator "TA"]
[PlyCount "108"]
[EventDate "2019.04.07"]
[EventType "swiss"]
[EventRounds "9"]
[EventCountry "MGL"]
[SourceTitle "playchess.com"]
[Source "ChessBase"]
[SourceQuality "1"]

{[%evp 19,108,12,33,18,87,18,20,27,18,12,8,5,0,-43,-17,-46,8,-165,-147,-147,-97,-106,-105,-86,-87,-141,-129,-163,-162,-156,-158,-158,-150,-175,-160,-156,-92,-77,-94,-105,-108,-83,-51,-60,-44,-53,-44,-51,-51,-53,-53,-53,-53,-51,-48,-137,-135,-275,-307,-335,-329,-604,-594,-730,-730,-1081,-1079,-1108,-1097,-1025,-1024,-950,-935,-1075,-1066,-1233,-1176,-1392,-1306,-29990,-29980,-29980,-29976,-29971,-29975,-29983,-29984,-29984,-29985,-29984,-29985]} 1. d4 c5 2. d5 Nf6 3. c4 e6 4. Nc3 exd5 5. cxd5 d6 6. Nf3 g6 7. Bf4 a6 8. e4 b5 9. Bd3 {A70: Modern Benoni: 6 e4 g6 7 Nf3} Bg7 10. O-O O-O {LiveBook: 10 Games} (10... Bg4 11. Re1 O-O 12. h3 Bxf3 13. Qxf3 Ne8 14. a3 Nd7 15. Bf1 Ne5 16. Qd1 Qe7 {1-0 (59) Bacrot,E (2718)-Wojtaszek,R (2744) Beijing 2014}) 11. Re1 {White is slightly better.} Qb6 $146 (11... Bg4 $11) ({Predecessor:} 11... Bg4 12. h3 Bxf3 13. Qxf3 Qb6 14. a4 c4 15. Be3 Qb7 16. Bf1 Nbd7 {½-½ (49) Wiacek,K (2528)-Neto,H (2532) ICCF email 2006}) 12. Rc1 (12. a4 $16) 12... Bg4 $11 13. h3 Bxf3 14. Qxf3 Nbd7 15. Qd1 Rfe8 16. Bf1 Nh5 17. Bh2 Re7 (17... Bd4 $15) 18. f4 $2 (18. g4 $11 Nhf6 19. Bf4) 18... c4+ 19. Kh1 Qf2 20. Qf3 Qxf3 21. gxf3 Bh6 22. Ne2 ({Better is} 22. a4) 22... Nc5 $17 23. Nd4 Bxf4 24. Rcd1 Ree8 25. Nc6 f6 26. h4 Bxh2 27. Kxh2 Nf4 (27... Kf7 $142 28. Rb1 f5 29. exf5 gxf5) 28. Kg3 Ncd3 29. Bxd3 Nxd3 30. Re2 Rac8 31. f4 Rc7 32. Kf3 Rd7 $36 {[%mdl 2048] Black has some pressure.} 33. b3 f5 34. exf5 $1 Rxe2 35. Kxe2 gxf5 36. bxc4 bxc4 $15 {[%mdl 4096] Endgame KRN-KRN} 37. Kf3 (37. Ke3 $15) 37... Rg7 $17 38. Nd4 (38. Na5 $17 {is a better defense.} Rg4 39. Nxc4 Rxf4+ {[%mdl 64] Double Attack} 40. Ke2 Rxc4 41. Kxd3 Rxh4 42. Rb1) 38... Rg4 $19 {[%mdl 64] [#] Double Attack} 39. Ne6 Rxh4 40. Rb1 $2 (40. Rg1+ Kf7 41. Ke3) 40... c3 41. Rb8+ Kf7 42. Rc8 {[#]} c2 $1 43. Nd4 (43. Rxc2 Ne1+) 43... c1=Q 44. Rxc1 Nxc1 45. Nxf5 Rh3+ 46. Kg4 Rd3 47. Nxd6+ Ke7 48. Nf5+ Kf6 {( -> ...h5+!)} 49. d6 Nxa2 {Black mates.} 50. Ng3 Rxd6 51. Ne4+ Ke7 52. Nxd6 Kxd6 53. Kg5 Ke6 54. f5+ Kf7 {Accuracy: White = 34%, Black = 63%.} 0-1